000 00627nam a2200241 a 4500
001 0001-1365
003 ELIB.Books
008 151105 2010 eng
020 _a9788179929841
035 _a(ELIB.Books)0001-1520
092 _a658.4
_bPea
100 _aPeale, Norman Vincent
245 _aSix Attitudes For Winners
260 _aBangalore
_bJAICO Publishing House
_c2011
300 _a136
_c20.5 Cm
500 _aLibrary
650 _aLeadership
856 _nKBTS: Library
_uKBTS: Elib
942 _2ddc
_cBK
990 _a3
998 _cbat
_e2015-11-05
_mcat
_u2019-07-09
999 _c11365
_d11365